Ekonomické programy politických strán. Slovensko na križovatke piatich ciest.
Vybraté názory rozhodujúcich politických síl Slovenska - HZDS, KDH, SDĽ a odborov (KOZ SR zastupuje okolo 75 perc. všetkých zamestnancov) na hospodársku politiku, financie a menu, privatizáciu a sociálny zmier ako vyplývajú z ekonomických programov.
Guardado en:
| Formato: | Capítulo de libro |
|---|---|
| Lenguaje: | eslovaco |
| Materias: | |
| Etiquetas: |
Sin Etiquetas, Sea el primero en etiquetar este registro!
|
MARC
| LEADER | 00000naa a2200000 4500 | ||
|---|---|---|---|
| 001 | r012587 | ||
| 005 | 20220826094929.9 | ||
| 041 | 0 | |a slo | |
| 044 | |a SK | ||
| 245 | 1 | 0 | |a Ekonomické programy politických strán. |b Slovensko na križovatke piatich ciest. |
| 520 | |a Vybraté názory rozhodujúcich politických síl Slovenska - HZDS, KDH, SDĽ a odborov (KOZ SR zastupuje okolo 75 perc. všetkých zamestnancov) na hospodársku politiku, financie a menu, privatizáciu a sociálny zmier ako vyplývajú z ekonomických programov. | ||
| 610 | 2 | 0 | |a strany politické |
| 610 | 2 | 0 | |a politika hospodárska |
| 610 | 2 | 0 | |a Slovensko |
| 610 | 2 | 0 | |a HZDS |
| 610 | 2 | 0 | |a KDH |
| 610 | 2 | 0 | |a SDĽ |
| 610 | 2 | 0 | |a SNS |
| 610 | 2 | 0 | |a KOZ SR |
| 610 | 2 | 0 | |a odbory |
| 610 | 2 | 0 | |a financie |
| 610 | 2 | 0 | |a mena |
| 610 | 2 | 0 | |a privatizácia |
| 610 | 2 | 0 | |a politika sociálna |